=LDR 00000nam 2200000 4500 =260 ##$$a San Francisco $b Jossey-Bass Publishers $c 1999 =Wor $a 1 =856 ##$$a Perpustakaan Pusat LAN =700 #$$a =650 #$$a kepemimpinan =650 #$$a Manajemen eksekutif =520 #$$a =321 ##$$a =310 ##$$a =300 ##$$a vii, 297 hlm. $b $c 23 cm. $e =001 $a INLIS000000000020835 =247 ##$$a =245 ##$$a Leading Beyond the Walls $b $c Hesselbein, Frances =100 1#$$a Hesselbein, Frances =084 ##$$a 658 HES L =082 ##$$a 658.409. 2 =035 ##$$a 0010-0226000005 =022 ##$$a 0787945935 =008 $a 260225################g##########0#eng## =005 $a 20260225110959